| 000 | 00697cam a22002171 4500 | ||
|---|---|---|---|
| 001 | sa 68019499 | ||
| 003 | DLC | ||
| 005 | 20260227112718.0 | ||
| 008 | 860821s1967 io 000 0 ind | ||
| 010 | _asa 68019499 | ||
| 035 | _a(OCoLC)14120578 | ||
| 040 |
_aDLC _cCU _dCU _dDLC |
||
| 042 | _apremarc | ||
| 043 | _aa-io--- | ||
| 050 | 0 | 0 |
_aBL2120.S8 _bA84 |
| 110 | 1 |
_aAceh (Indonesia). _bDewan Perwakilan Rakjat Daerah Gotong-Rojong. |
|
| 245 | 1 | 0 | _aKehidupan beragama di Daerah Istimewa Atjeh. |
| 260 |
_a[Banda Atjeh] _bSecretariat DPRD-GR Propinsi Daerah Istimewa Atjeh _c[1967?] |
||
| 300 |
_a150 p. _c33 cm. |
||
| 651 | 0 |
_aNanggroe Aceh Darussalam (Indonesia) _xReligious life and customs. |
|
| 999 |
_c88927 _d88927 |
||